| 000 | 00919nam a22002177a 4500 | ||
|---|---|---|---|
| 003 | JO-AjAnu | ||
| 005 | 20231129132737.0 | ||
| 008 | 231129b jo ||||| |||| 00| 0 ara d | ||
| 020 | _a9776784130 | ||
| 040 |
_aJO-AjAnu _bARA _cJO-AjAnu _dJO-AjAnu |
||
| 041 | 0 |
_aARA _hARA |
|
| 050 |
_aSB415 _b2021 |
||
| 100 | 1 |
_aالعايدي،فاروق عبدالسلام _964557 _eمؤلف |
|
| 245 | 0 |
_aتكنولوجيا الزراعة المحمية في انتاج الخضر : تطبيقات الحاضر والمستقبل / _cفاروق عبدالسلام العايدي |
|
| 250 | _aالطبعة الاولى | ||
| 260 |
_aالاسكندرية : _bدار الوفاء لدنيا الطباعة والنشر, _c2021 |
||
| 300 | _a484 صفحة | ||
| 500 | _aيحتوي على صور | ||
| 650 | 4 |
_aالزراعة-الزراعة المحمية _964558 _vالزراعة-الزراعة المحمية |
|
| 942 |
_2lcc _cBK _n0 |
||
| 999 |
_c33202 _d33202 |
||